Izvestija SO AN SSSR Region: Ekonomika i sociologija
Salvato in:
| Natura: | Periodico |
|---|---|
| Lingua: | russo |
| Pubblicazione: |
Novosibirsk
Nauka
1991
|
| Tags: |
Nessun Tag, puoi essere il primo ad aggiungerne!!
|
MARC
| LEADER | 00000nas2a2200000 4500 | ||
|---|---|---|---|
| 001 | s015216 | ||
| 005 | 20250617081906.5 | ||
| 022 | |a 0134-2428 | ||
| 041 | 0 | |a rus | |
| 044 | |a RU | ||
| 245 | 1 | 0 | |a Izvestija SO AN SSSR |b Region: Ekonomika i sociologija |
| 264 | 1 | |a Novosibirsk |b Nauka |c 1991 | |
| 300 | |a 1 zv. | ||